[Event "ESTCC U65 2018"]
[Site "Walbrzych"]
[Date "2018.04.18"]
[Round "5"]
[White "Gromark, Per-Olof"]
[Black "Karppinen, Martti"]
[Result "1/2-1/2"]
[WhiteElo "1901"]
[BlackElo "1894"]
[Annotator "NA"]
[PlyCount "46"]
[EventDate "2018.??.??"]
[EventCountry "POL"]
[SourceTitle "playchess.com"]
[Source "ChessBase"]
[SourceQuality "1"]
[WhiteTeam "Sweden"]
[BlackTeam "Finland"]
[WhiteTeamCountry "SWE"]
[BlackTeamCountry "FIN"]
[TimeControl "40/5400+30:1800+30"]

1. c4 {[%emt 0:00:00]} e5 {[%emt 0:05:24]} 2. Nc3 {[%emt 0:00:00]} Nf6 {[%emt 0:01:18]} 3. Nf3 {[%emt 0:00:00]} Nc6 {[%emt 0:00:47]} 4. e3 {[%emt 0:00:00]} Be7 {[%emt 0:02:19]} 5. d4 {[%emt 0:00:00]} exd4 {[%emt 0:01:28]} 6. exd4 {[%emt 0:00:00]} d5 {[%emt 0:01:48]} 7. c5 {[%emt 0:03:44]} O-O {[%emt 0:02:38]} 8. Be2 {[%emt 0:01:36]} Re8 {[%emt 0:10:32]} 9. O-O {[%emt 0:01:23]} Ne4 {[%emt 0:04:01]} 10. Be3 {[%emt 0:10:30]} Bf5 {[%emt 0:13:21]} 11. Qb3 {[%emt 0:07:49]} Nxc3 $11 {[%emt 0:05:21]} 12. Qxc3 {[%emt 0:01:07]} Bf6 {[%emt 0:01:52]} 13. Rfe1 {[%emt 0:07:10]} Ne7 {[%emt 0:03:23]} 14. Bf4 {[%emt 0:09:08]} Ng6 {[%emt 0:03:26]} 15. Bg3 {[%emt 0:00:10]} c6 {[%emt 0:01:50]} 16. Bd3 {[%emt 0:06:11]} Bxd3 {[%emt 0:05:07]} 17. Qxd3 {[%emt 0:00:09]} Qd7 {[%emt 0:05:04]} 18. Bd6 {[%emt 0:06:52]} Qg4 {[%emt 0:07:22]} 19. Qd2 {[%emt 0:08:10]} h6 {[%emt 0:01:56]} 20. h3 {[%emt 0:03:58]} Qf5 {[%emt 0:01:57]} 21. Re3 {[%emt 0:09:18]} Re4 {[%emt 0:04:21]} 22. g4 Qe6 {[%emt 0:03:13]} 23. Rae1 {[%emt 0:05:41]} Re8 {[%emt 0:02:26]} 1/2-1/2

[Event "ESTCC U65 2018"]
[Site "Walbrzych"]
[Date "2018.04.18"]
[Round "5"]
[White "Vehkalahti, Veli"]
[Black "Gustavsson, Bo"]
[Result "0-1"]
[WhiteElo "1880"]
[BlackElo "1915"]
[Annotator "NA"]
[PlyCount "98"]
[EventDate "2018.??.??"]
[EventCountry "POL"]
[SourceTitle "playchess.com"]
[Source "ChessBase"]
[SourceQuality "1"]
[WhiteTeam "Finland"]
[BlackTeam "Sweden"]
[WhiteTeamCountry "FIN"]
[BlackTeamCountry "SWE"]
[TimeControl "40/5400+30:1800+30"]

1. Nf3 {[%emt 0:03:38]} Nf6 {[%emt 0:00:55]} 2. d4 {[%emt 0:00:33]} d5 {[%emt 0:00:10]} 3. Bf4 {[%emt 0:00:29]} e6 {[%emt 0:00:54]} 4. e3 {[%emt 0:00:20]} c5 {[%emt 0:01:03]} 5. c3 {[%emt 0:01:16]} Qb6 {[%emt 0:01:03]} 6. Qb3 {[%emt 0:03:38] LiveBook: 34 Games} Qxb3 {[%emt 0:08:19] D02: 1 d4 d5 2 Nf3 sidelines, including 2...Nf6 3 g3 and 2...Nf6 3 Bf4} 7. axb3 {[%emt 0:00:03]} Nc6 {[%emt 0:00:12]} 8. Nbd2 {[%emt 0:00:41]} Bd7 {[%emt 0:05:11]} 9. Bd3 {[%emt 0:02:59]} (9. Bb5 Nh5 10. Bc7 Rc8 11. Bg3 Nxg3 12. hxg3 {½-½ (56) Matuszewski,M (2505)-Leniart,A (2482) Katowice 2018}) 9... Be7 {[%emt 0:00:20]} (9... Nh5 $11 {keeps the balance.}) 10. dxc5 $146 {[%emt 0:05:59]} ({Predecessor:} 10. O-O Nh5 11. dxc5 Nxf4 12. exf4 Bxc5 {½-½ (34) Gossell,T (2237)-Langer,M (2308) Stillwater 2006}) 10... Bxc5 {[%emt 0:00:15]} 11. b4 {[%emt 0:01:14]} Be7 {[%emt 0:04:43]} 12. O-O {[%emt 0:09:15]} O-O {[%emt 0:01:09]} 13. b5 {[%emt 0:02:18]} Nb8 {[%emt 0:00:55]} 14. Nd4 {[%emt 0:05:18]} Ne8 {[%emt 0:04:31]} 15. Bxb8 Rxb8 16. Rxa7 {[%emt 0:02:37]} Bc5 $11 {[%emt 0:00:58]} 17. Ra4 {[%emt 0:06:48]} Nd6 {[%emt 0:04:02]} 18. N2f3 {[%emt 0:07:03]} Rfc8 {[%emt 0:06:42]} 19. Rc1 {[%emt 0:08:06]} Bxd4 {[%emt 0:04:27]} 20. exd4 {[%emt 0:03:37]} Bxb5 {[%emt 0:00:11]} 21. Bxb5 {[%emt 0:01:00]} Nxb5 {[%emt 0:00:01]} 22. Rca1 {[%emt 0:04:26]} f6 {[%emt 0:00:36]} 23. Kf1 {[%emt 0:00:51]} Nd6 {[%emt 0:00:19]} 24. Nd2 {[%emt 0:00:28]} Kf8 {[%emt 0:04:25]} 25. f3 {[%emt 0:00:19]} b5 {[%emt 0:03:14]} 26. Ra6 {[%emt 0:03:42]} Nc4 {[%emt 0:05:36]} 27. Nb3 {[%emt 0:04:14]} Kf7 {[%emt 0:07:54]} 28. R1a2 {[%emt 0:03:15]} Rc7 {[%emt 0:05:32]} 29. Nc5 {[%emt 0:00:53]} e5 {[%emt 0:01:58]} 30. Kf2 {[%emt 0:01:40]} exd4 {[%emt 0:03:44]} 31. cxd4 {[%emt 0:00:04]} b4 {[%emt 0:02:18]} 32. b3 {[%emt 0:01:51]} Na3 {[%emt 0:02:31]} 33. Rd6 {[%emt 0:01:01]} Nb5 {[%emt 0:00:32]} 34. Na6 {[%emt 0:03:14]} Ra8 {[%emt 0:02:46]} 35. Rb2 {[%emt 0:01:48]} Nxd6 {[%emt 0:05:35]} 36. Nxc7 {[%emt 0:00:07]} Ra5 {[%emt 0:00:14]} 37. Ke2 {[%emt 0:00:59]} Ke7 {[%emt 0:00:07]} 38. Rc2 {[%emt 0:00:33]} Kd7 {[%emt 0:00:08]} 39. Rc5 {[%emt 0:05:37]} Rxc5 {[%emt 0:02:18]} 40. dxc5 {[%emt 0:00:02]} Kxc7 {[%emt 0:30:01]} 41. cxd6+ {[%emt 0:00:02]} Kxd6 {[%emt 0:00:00]} 42. f4 {[%emt 0:02:16]} f5 {[%emt 0:00:00]} 43. h4 {[%emt 0:01:21]} Kc5 {[%emt 0:00:00]} 44. Kd3 {[%emt 0:00:13]} d4 {[%emt 0:00:00]} 45. h5 {[%emt 0:02:21]} Kd5 {[%emt 0:00:00]} 46. g3 {[%emt 0:00:38]} h6 {[%emt 0:00:00]} 47. Kd2 {[%emt 0:00:27]} Ke4 {[%emt 0:00:00]} 48. Ke2 {[%emt 0:00:25]} d3+ {[%emt 0:00:00]} 49. Kd2 {[%emt 0:00:04]} Kd5 0-1

[Event "ESTCC U65 2018"]
[Site "Walbrzych"]
[Date "2018.04.18"]
[Round "5"]
[White "Patola, Eero"]
[Black "Tichatschke, Wolfgang"]
[Result "1/2-1/2"]
[WhiteElo "1823"]
[BlackElo "1967"]
[Annotator "NA"]
[PlyCount "24"]
[EventDate "2018.??.??"]
[EventCountry "POL"]
[SourceTitle "playchess.com"]
[Source "ChessBase"]
[SourceQuality "1"]
[WhiteTeam "Finland"]
[BlackTeam "Germany"]
[WhiteTeamCountry "FIN"]
[BlackTeamCountry "GER"]
[TimeControl "40/5400+30:1800+30"]

1. c4 e6 2. Nc3 d5 3. d4 Nf6 4. Nf3 Be7 5. e3 O-O 6. cxd5 exd5 7. Be2 Bg4 $11 8. h3 Bf5 9. Ne5 Nbd7 10. Qb3 Nb6 11. a4 a5 12. Bd2 Ne4 1/2-1/2

[Event "ESTCC U65 2018"]
[Site "Walbrzych"]
[Date "2018.04.18"]
[Round "5"]
[White "Rintakoski, Pentti"]
[Black "Nilsson, Christer"]
[Result "0-1"]
[WhiteElo "1797"]
[BlackElo "1931"]
[Annotator "NA"]
[PlyCount "86"]
[EventDate "2018.??.??"]
[EventCountry "POL"]
[SourceTitle "playchess.com"]
[Source "ChessBase"]
[SourceQuality "1"]
[WhiteTeam "Finland"]
[BlackTeam "Sweden"]
[WhiteTeamCountry "FIN"]
[BlackTeamCountry "SWE"]
[TimeControl "40/5400+30:1800+30"]

1. e4 {[%emt 0:00:00]} e6 {[%emt 0:00:07]} 2. Nf3 {[%emt 0:00:03]} d5 {[%emt 0:00:37]} 3. e5 {[%emt 0:01:06]} c5 {[%emt 0:00:18]} 4. d4 {[%emt 0:00:56]} cxd4 {[%emt 0:04:09]} 5. Nxd4 {[%emt 0:00:29]} Nc6 {[%emt 0:03:46]} 6. Bb5 {[%emt 0:00:37]} Bd7 {[%emt 0:00:31]} 7. Bxc6 {[%emt 0:00:40]} bxc6 $15 {[%emt 0:00:57]} 8. O-O {[%emt 0:00:30]} Ne7 {[%emt 0:07:27]} 9. Nd2 {[%emt 0:02:04]} Ng6 {[%emt 0:05:51]} 10. N2f3 {[%emt 0:00:51]} Be7 {[%emt 0:02:55]} 11. c3 {[%emt 0:05:38]} c5 {[%emt 0:01:48]} 12. Ne2 {[%emt 0:01:22]} Qb8 {[%emt 0:07:39]} 13. Re1 {[%emt 0:01:48]} Nxe5 {[%emt 0:06:20]} 14. Nxe5 {[%emt 0:00:20]} Qxe5 {[%emt 0:00:19]} 15. Bf4 {[%emt 0:01:04]} Qf6 {[%emt 0:04:07]} 16. Qd2 {[%emt 0:00:47]} O-O {[%emt 0:01:45]} 17. Ng3 {[%emt 0:00:45]} Bc6 {[%emt 0:04:07]} 18. Be5 {[%emt 0:08:39]} Qg6 {[%emt 0:01:06]} 19. Qe2 {[%emt 0:00:32]} Rfe8 {[%emt 0:08:46]} 20. Nh5 {[%emt 0:04:58]} Bf8 {[%emt 0:03:25]} 21. Rad1 {[%emt 0:01:03]} f6 {[%emt 0:01:23]} 22. Bg3 {[%emt 0:01:43]} e5 {[%emt 0:00:26]} 23. h3 {[%emt 0:01:34]} Rad8 {[%emt 0:03:38]} 24. f3 {[%emt 0:04:03]} Qxh5 {[%emt 0:00:57]} 25. Qa6 {[%emt 0:00:26]} Ba8 {[%emt 0:01:35]} 26. Qxa7 {[%emt 0:01:17]} Qf7 {[%emt 0:00:21]} 27. Qa4 {[%emt 0:00:55]} Qb7 {[%emt 0:01:11]} 28. Rd2 {[%emt 0:00:37]} Qc6 {[%emt 0:01:47]} 29. Qd1 {[%emt 0:01:18]} Bb7 {[%emt 0:01:11]} 30. Bf2 {[%emt 0:00:51]} Ra8 {[%emt 0:01:19]} 31. Qb1 {[%emt 0:00:31]} d4 {[%emt 0:01:44]} 32. cxd4 {[%emt 0:02:05]} cxd4 {[%emt 0:00:57]} 33. a3 {[%emt 0:00:57]} Rac8 {[%emt 0:01:22]} 34. Qf5 {[%emt 0:02:02]} Qd5 {[%emt 0:02:49]} 35. b4 {[%emt 0:01:36]} Rc4 {[%emt 0:01:53]} 36. Qb1 {[%emt 0:01:19]} Rec8 {[%emt 0:00:24]} 37. Red1 {[%emt 0:01:04]} Rc3 {[%emt 0:01:04]} 38. Qb2 {[%emt 0:01:41]} Qc4 {[%emt 0:01:08]} 39. Bxd4 {[%emt 0:02:12]} exd4 {[%emt 0:00:48]} 40. Rxd4 {[%emt 0:00:00]} Qb3 {[%emt 0:01:47]} 41. Qxb3+ Rxb3 42. Rd7 {[%emt 0:02:43]} Bc6 {[%emt 0:03:04]} 43. Ra7 {[%emt 0:00:32]} Ra8 {[%emt 0:03:48]} 0-1

[Event "ESTCC U65 2018"]
[Site "Walbrzych"]
[Date "2018.04.18"]
[Round "5"]
[White "Andersson, Finn"]
[Black "Ackermann, Hans Werner"]
[Result "0-1"]
[WhiteElo "1719"]
[BlackElo "2211"]
[Annotator "NA"]
[PlyCount "94"]
[EventDate "2018.??.??"]
[EventCountry "POL"]
[SourceTitle "playchess.com"]
[Source "ChessBase"]
[SourceQuality "1"]
[WhiteTeam "Denmark"]
[BlackTeam "Germany"]
[WhiteTeamCountry "DEN"]
[BlackTeamCountry "GER"]
[TimeControl "40/5400+30:1800+30"]

1. e4 {[%emt 0:00:00]} g6 {[%emt 0:00:10]} 2. d4 {[%emt 0:01:20]} Bg7 {[%emt 0:00:05]} 3. Nf3 {[%emt 0:00:16]} d6 {[%emt 0:00:06]} 4. Be3 {[%emt 0:01:00]} a6 {[%emt 0:00:32]} 5. h3 {[%emt 0:00:54]} Nd7 {[%emt 0:01:50]} 6. Bd3 {[%emt 0:04:54]} c5 {[%emt 0:03:45]} 7. c3 {[%emt 0:09:38]} Qc7 {[%emt 0:02:14]} 8. Nbd2 {[%emt 0:03:24]} Ngf6 {[%emt 0:02:20]} 9. O-O {[%emt 0:02:58]} O-O {[%emt 0:01:08]} 10. Re1 {[%emt 0:00:21]} b6 {[%emt 0:04:01]} 11. e5 {[%emt 0:18:48]} Nd5 {[%emt 0:11:23]} 12. exd6 {[%emt 0:03:35]} exd6 {[%emt 0:00:30]} 13. Bg5 $11 {[%emt 0:07:02]} Bb7 {[%emt 0:05:03]} 14. Rc1 {[%emt 0:10:48]} h6 {[%emt 0:06:23]} 15. Bh4 {[%emt 0:00:09]} Nf4 {[%emt 0:00:11]} 16. Bf1 {[%emt 0:00:20]} Nf6 {[%emt 0:07:08]} 17. Bxf6 {[%emt 0:04:43]} Bxf6 {[%emt 0:03:10]} 18. Ne4 {[%emt 0:02:28]} Bg7 {[%emt 0:00:54]} 19. dxc5 {[%emt 0:05:22]} dxc5 {[%emt 0:01:09]} 20. g3 {[%emt 0:07:39]} Rfd8 {[%emt 0:02:57]} 21. Qc2 {[%emt 0:00:28]} Nd5 {[%emt 0:00:57]} 22. Rcd1 {[%emt 0:04:24]} b5 {[%emt 0:02:41]} 23. h4 {[%emt 0:01:08]} Nb6 {[%emt 0:05:05]} 24. b3 {[%emt 0:03:38]} Nd5 {[%emt 0:17:09]} 25. c4 {[%emt 0:01:40]} Nf6 {[%emt 0:00:25]} 26. Nxf6+ {[%emt 0:00:18]} Bxf6 {[%emt 0:00:08]} 27. Rxd8+ {[%emt 0:01:44]} Rxd8 {[%emt 0:00:29]} 28. Bg2 {[%emt 0:01:21]} b4 {[%emt 0:00:44]} 29. Qc1 {[%emt 0:00:59]} Kg7 {[%emt 0:01:28]} 30. Qe3 {[%emt 0:00:14]} Bc3 {[%emt 0:01:00]} 31. Re2 {[%emt 0:00:38]} a5 {[%emt 0:03:30]} 32. Ne1 {[%emt 0:01:38]} Bd4 {[%emt 0:00:34]} 33. Qc1 {[%emt 0:01:06]} Qxg3 {[%emt 0:00:52]} 34. Qc2 {[%emt 0:01:08]} Bc8 {[%emt 0:04:16]} 35. Qe4 {[%emt 0:00:10]} Qc7 {[%emt 0:00:41]} 36. Nd3 {[%emt 0:00:08]} Bf5 {[%emt 0:00:11]} 37. Qf4 {[%emt 0:00:34]} Qxf4 {[%emt 0:01:31]} 38. Nxf4 {[%emt 0:00:02]} Bf6 {[%emt 0:00:08]} 39. h5 {[%emt 0:00:22]} Rd1+ {[%emt 0:00:54]} 40. Kh2 {[%emt 0:00:52]} Bg5 {[%emt 0:28:48]} 41. Kg3 {[%emt 0:07:54]} Rd4 {[%emt 0:00:00]} 42. Nh3 {[%emt 0:04:56]} Bh4+ {[%emt 0:00:00]} 43. Kh2 {[%emt 0:00:30]} Bd8 {[%emt 0:00:00]} 44. f3 {[%emt 0:09:55]} Rh4 {[%emt 0:00:00]} 45. Kg3 {[%emt 0:00:50]} g5 {[%emt 0:00:00]} 46. f4 {[%emt 0:04:40]} Bc7 {[%emt 0:00:00]} 47. Rf2 {[%emt 0:01:51]} Rxh5 {[%emt 0:00:00]} 0-1

[Event "ESTCC U65 2018"]
[Site "Walbrzych"]
[Date "2018.04.18"]
[Round "5"]
[White "Lindholm, Pertti"]
[Black "Fitzke, Ulrich"]
[Result "0-1"]
[WhiteElo "1624"]
[BlackElo "1827"]
[Annotator "NA"]
[PlyCount "106"]
[EventDate "2018.??.??"]
[EventCountry "POL"]
[SourceTitle "playchess.com"]
[Source "ChessBase"]
[SourceQuality "1"]
[WhiteTeam "Finland"]
[BlackTeam "Germany"]
[WhiteTeamCountry "FIN"]
[BlackTeamCountry "GER"]
[TimeControl "40/5400+30:1800+30"]

1. d4 {[%emt 0:00:00]} d5 {[%emt 0:00:28]} 2. c4 {[%emt 0:00:03]} e6 {[%emt 0:00:40]} 3. Nf3 {[%emt 0:00:52]} Nf6 {[%emt 0:00:41]} 4. Bf4 {[%emt 0:00:42]} Bd6 {[%emt 0:01:56]} 5. Bxd6 {[%emt 0:01:14]} Qxd6 {[%emt 0:00:28]} 6. c5 {[%emt 0:01:20]} Qe7 {[%emt 0:01:18]} 7. e3 {[%emt 0:01:05]} O-O {[%emt 0:00:19]} 8. Bd3 {[%emt 0:00:46]} Nbd7 {[%emt 0:01:17]} 9. O-O {[%emt 0:00:56]} e5 {[%emt 0:03:23]} 10. dxe5 {[%emt 0:01:54]} Nxe5 {[%emt 0:00:33]} 11. Nxe5 {[%emt 0:01:41]} Qxe5 {[%emt 0:00:30]} 12. Qc2 {[%emt 0:01:31]} Ng4 {[%emt 0:06:08]} 13. g3 {[%emt 0:05:54]} Qh5 {[%emt 0:02:36]} 14. h4 {[%emt 0:03:34]} g5 {[%emt 0:12:17]} 15. Kg2 {[%emt 0:10:37]} gxh4 {[%emt 0:04:01]} 16. gxh4 {[%emt 0:03:56]} Ne5 {[%emt 0:02:19]} 17. Be2 {[%emt 0:04:02]} Bg4 {[%emt 0:01:10]} 18. Nc3 {[%emt 0:02:46]} c6 {[%emt 0:06:30]} 19. f4 {[%emt 0:03:11]} Ng6 {[%emt 0:03:39]} 20. Rh1 {[%emt 0:02:36]} Rae8 {[%emt 0:02:14]} 21. Bxg4 {[%emt 0:02:50]} Qxg4+ {[%emt 0:00:52]} 22. Kf2 {[%emt 0:00:23]} Kh8 {[%emt 0:01:16]} 23. Rag1 {[%emt 0:01:49]} Qe6 {[%emt 0:01:16]} 24. Nd1 {[%emt 0:02:16]} Qf6 {[%emt 0:01:53]} 25. Qc3 {[%emt 0:03:12]} d4 {[%emt 0:02:38]} 26. Qxd4 {[%emt 0:01:50]} Qxd4 {[%emt 0:00:40]} 27. exd4 {[%emt 0:00:03]} Nxf4 {[%emt 0:00:33]} 28. Rg4 {[%emt 0:02:06]} Ne6 {[%emt 0:02:26]} 29. h5 {[%emt 0:02:37]} Rd8 {[%emt 0:00:51]} 30. Ke3 {[%emt 0:02:30]} Rg8 {[%emt 0:03:15]} 31. Rxg8+ {[%emt 0:02:32]} Kxg8 {[%emt 0:01:23]} 32. Rg1+ {[%emt 0:06:48]} Kf8 {[%emt 0:00:33]} 33. h6 {[%emt 0:01:02]} Rxd4 {[%emt 0:01:30]} 34. Nc3 {[%emt 0:01:33]} Rh4 {[%emt 0:00:37]} 35. Rf1 {[%emt 0:01:34]} Nxc5 {[%emt 0:01:33]} 36. Rf6 {[%emt 0:00:47]} Nd7 {[%emt 0:00:32]} 37. Rd6 {[%emt 0:00:44]} Ke7 {[%emt 0:00:22]} 38. Rd2 {[%emt 0:02:02]} Rxh6 {[%emt 0:00:22]} 39. Ne4 {[%emt 0:00:36]} Re6 {[%emt 0:00:47]} 40. Kf4 {[%emt 0:00:00]} Rh6 {[%emt 0:02:56]} 41. Ng3 {[%emt 0:01:21]} Rf6+ {[%emt 0:02:16]} 42. Kg5 {[%emt 0:01:12]} Rg6+ {[%emt 0:02:28]} 43. Kf4 {[%emt 0:00:23]} Nf6 {[%emt 0:01:08]} 44. Nf5+ {[%emt 0:01:00]} Kf8 {[%emt 0:05:21]} 45. Rd8+ {[%emt 0:01:18]} Ne8 {[%emt 0:00:26]} 46. Rd7 {[%emt 0:01:24]} Rf6 {[%emt 0:01:28]} 47. Kg5 {[%emt 0:01:18]} Rg6+ {[%emt 0:02:07]} 48. Kf4 {[%emt 0:00:17]} h5 {[%emt 0:02:12]} 49. Rxb7 {[%emt 0:00:46]} Rg4+ {[%emt 0:00:26]} 50. Kf3 {[%emt 0:00:24]} Rg5 {[%emt 0:00:50]} 51. Kf4 {[%emt 0:00:25]} Rg2 {[%emt 0:00:53]} 52. a3 {[%emt 0:01:28]} Rf2+ {[%emt 0:00:16]} 53. Kg5 {[%emt 0:00:49]} Rxf5+ {[%emt 0:00:40]} 0-1

[Event "ESTCC U65 2018"]
[Site "Walbrzych"]
[Date "2018.04.19"]
[Round "6"]
[White "Balashov, Yuri S"]
[Black "Sorensen, Bent"]
[Result "1-0"]
[WhiteElo "2421"]
[BlackElo "2158"]
[Annotator "TA"]
[PlyCount "57"]
[EventDate "2018.??.??"]
[EventCountry "POL"]
[SourceTitle "playchess.com"]
[Source "ChessBase"]
[SourceQuality "1"]
[WhiteTeam "Russia"]
[BlackTeam "Denmark"]
[WhiteTeamCountry "RUS"]
[BlackTeamCountry "DEN"]

{[%evp 12,57,44,19,43,45,113,108,106,105,112,103,111,109,129,134,148,151,177,117,160,158,156,147,236,172,201,170,160,163,156,160,245,183,187,164,212,215,217,153,253,254,450,429,637,634,947,936]} 1. d4 d5 2. Nf3 e6 3. c4 c6 4. e3 Nf6 5. Bd3 Nbd7 6. O-O Bd6 7. Nc3 {LiveBook: 906 Games} Qc7 {D46: Semi-Slav: 5 e3 Nbd7 6 Bd3, Black avoids the Meran} (7... O-O 8. e4 dxc4 9. Bxc4 e5 10. Be3 exd4 11. Bxd4 Qc7 12. Kh1 Ne5 13. Nxe5 Bxe5 14. Bxe5 Qxe5 15. f4 Qc5 16. Bd3 Rd8 17. Qf3 Be6 18. h3 Rxd3 19. Qxd3 {½-½ (37) Giri,A (2769)-Ding,L (2759) Shenzhen 2017}) 8. b3 e5 {[#]} (8... dxc4 $14 9. bxc4 b6) 9. cxd5 $1 $16 Nxd5 {White is better.} 10. Nxd5 cxd5 11. dxe5 Nxe5 12. Bb5+ $146 Nc6 13. Qxd5 O-O 14. Bb2 Be6 15. Qh5 (15. Qe4 $18 {Threatens to win with Ng5.} Qe7 16. Rfd1 (16. Bd3 f5 $16)) 15... f6 16. Bd3 g6 17. Qh4 Nb4 (17... Rad8 $16 18. Rfd1 (18. Bxf6 Bxh2+ 19. Nxh2 Rxd3 $16) 18... Qf7) 18. Rac1 Qf7 19. Bb1 Rad8 20. Nd4 Bd7 21. Rfd1 {Hoping for Nc2.} Rfe8 (21... a5 $16 {keeps fighting.} 22. Be4 Nxa2) 22. Nf3 Be7 23. Qg3 $36 {[%mdl 2048] White has strong initiative.} Bb5 24. Nd4 Bd6 25. Qf3 Ba6 (25... Be5 $16 {might work better.} 26. h3 a6) 26. a3 $18 Nd5 $2 {[#]} (26... Nc6 27. Nxc6 bxc6) 27. b4 {White is clearly winning.} Be5 (27... Nc7 $142 28. Be4 Be5) 28. Ba2 f5 29. Rc5 {Precision: White = 81%, Black = 17%.} 1-0

[Event "ESTCC U65 2018"]
[Site "Walbrzych"]
[Date "2018.04.19"]
[Round "6"]
[White "Tunik, Gennady"]
[Black "Holst, Per"]
[Result "1/2-1/2"]
[WhiteElo "2351"]
[BlackElo "2140"]
[Annotator "TA"]
[PlyCount "109"]
[EventDate "2018.??.??"]
[EventCountry "POL"]
[SourceTitle "playchess.com"]
[Source "ChessBase"]
[SourceQuality "1"]
[WhiteTeam "Russia"]
[BlackTeam "Denmark"]
[WhiteTeamCountry "RUS"]
[BlackTeamCountry "DEN"]

{[%evp 19,109,36,58,24,40,17,38,0,21,-11,-13,-22,-21,-23,-23,-31,-41,-33,-27,-44,-12,-16,-13,-20,-6,-6,58,0,5,0,0,0,0,0,448,445,459,443,427,417,470,471,479,476,471,450,506,494,552,543,655,633,648,611,555,477,689,673,671,0,0,0,0,0,0,0,0,0,0,-8,-8,-8,-8,-8,-8,-8,-8,-98,-98,-315,-69,-69,-8,-8,-8,-8,-8,-8,-8,-8,-8,-8]} 1. d4 Nf6 2. c4 e6 3. Nf3 Bb4+ 4. Bd2 Qe7 5. g3 Bxd2+ 6. Qxd2 d6 7. Bg2 O-O 8. O-O e5 9. Nc3 a5 10. Rac1 {E11: Bogo-Indian} Nc6 {[%cal Bb8c6,Bc6b4,Bb4a6,Ba6c5,Bc5d3][%mdl 32] LiveBook: 3 Games} (10... c6 11. e4 Bg4 12. Nh4 exd4 13. Qxd4 Qe5 14. Qe3 Na6 15. b3 Qc5 16. Rfe1 Rad8 17. h3 Bc8 {1-0 (82) Medvegy,Z (2557)-Tolnai,T (2464) Hungary 2017}) 11. e3 Re8 $146 ({Predecessor:} 11... h6 12. a3 a4 13. d5 Na5 14. Qe2 Nb3 15. Rcd1 Re8 16. h3 Nc5 17. Nb5 Rd8 {1-0 (32) Szczepkowska,K (2406)-Leconte,M (2208) Monaco 2017}) 12. b3 {White is slightly better.} h6 13. h3 Bf5 14. d5 Nb4 15. Ne1 e4 16. a3 Na6 $1 17. Nc2 Nc5 18. Nd4 Bh7 19. b4 axb4 20. axb4 Nd3 21. Ra1 Ne5 22. Qe2 c5 (22... Reb8 $11) 23. bxc5 (23. dxc6 $1 $14 bxc6 24. b5) 23... dxc5 $11 {Hoping for ...Rxa1.} 24. Ndb5 Qd7 25. Na4 {Threatens to win with Nb6.} Nf3+ 26. Kh1 $1 {aiming for Nb6.} Bf5 $2 {[%mdl 8192]} (26... Rxa4 $1 $11 {and Black stays safe.} 27. Rxa4 Bf5) 27. Nb6 $18 Rxa1 28. Nxd7 Rxf1+ 29. Bxf1 Bxd7 30. Nd6 Ra8 {[#] White should prevent ...Ra1.} 31. Nxe4 $1 {[%mdl 512]} Nxe4 32. Qxf3 Nd2 33. Qd1 Nxf1 34. Qxf1 {[%mdl 4096] Endgame KQ-KRB} b5 35. cxb5 Rb8 36. Kg2 Bxb5 37. Qc1 Bd3 (37... c4 $142 38. Qb2 Rb7) 38. Qxc5 Be4+ {[#]} 39. f3 $2 (39. Kh2 $1 $18) 39... Rb2+ $11 40. Kf1 Rb1+ $1 41. Ke2 Rb2+ 42. Ke1 Rb1+ 43. Kd2 Rb2+ 44. Kc3 Rc2+ 45. Kd4 Rxc5 46. Kxc5 {KB-KP} Bc2 (46... Bxf3 47. d6 $18) 47. Kd6 Kf8 48. e4 (48. Kd7 $1 $11) 48... Ke8 $17 49. g4 $2 (49. Kc6 $17) 49... Kd8 $2 (49... Bd3 $19 50. Ke5 f6+ 51. Kd4 Be2) 50. e5 $1 $15 g5 (50... Bd3 $15 51. f4 Bf1) 51. e6 $1 $11 {[%cal Re6f7] The position is equal.} fxe6 52. Kxe6 Bd1 53. Kf6 Bxf3 54. Kg6 Bg2 (54... Ke7 $5 55. d6+ $8 Kxd6 56. Kxh6 Bh1 $11) 55. Kxh6 {Precision: White = 42%, Black = 48%.} 1/2-1/2

[Event "ESTCC U65 2018"]
[Site "Walbrzych"]
[Date "2018.04.19"]
[Round "6"]
[White "Baum, Bernd"]
[Black "Malmdin, Nils-Ake"]
[Result "*"]
[WhiteElo "2290"]
[BlackElo "2154"]
[Annotator "TA"]
[PlyCount "35"]
[EventDate "2018.??.??"]
[EventCountry "POL"]
[SourceTitle "playchess.com"]
[Source "ChessBase"]
[SourceQuality "1"]
[WhiteTeam "Germany"]
[BlackTeam "Sweden"]
[WhiteTeamCountry "GER"]
[BlackTeamCountry "SWE"]

{[%evp 18,35,52,58,62,67,65,70,63,68,66,62,77,53,56,64,57,44,23,9]} 1. Nf3 c5 2. e4 g6 3. d4 Bg7 4. dxc5 Qa5+ 5. c3 Qxc5 6. Na3 {[%cal Bb1a3,Ba3b5,Bb5c7][%mdl 32] B27: Sicilian: 2 Nf3, unusual Black 2nd moves} Nf6 7. Nb5 (7. Be3 Qa5 8. Nc4 Qc7 9. e5 Ng4 10. Bf4 b5 11. Ne3 Nxe3 12. fxe3 e6 13. Bxb5 Qb6 {½-½ (32) Nepomniachtchi,I (2705)-Guseinov,G (2649) Ashdod 2015}) 7... b6 8. e5 Ng4 9. Qd4 Nxe5 10. Qxc5 {[%cal Rc5c8] [#] LiveBook: 3 Games} Nxf3+ 11. gxf3 {[%cal Rc5c8]} bxc5 12. Nc7+ Kd8 13. Nxa8 Bb7 14. Bg2 $146 Bxa8 15. O-O Nc6 16. Be3 d6 17. Rad1 Kc7 18. b4 *